000 00344nam a22001457a 4500
999 _c9227
_d9227
003 OSt
008 201119b ||||| |||| 00| 0 eng d
100 _aKapoor, Ramesh
245 _aInorganic Chemistry B.Sc Sem-I
250 _a22th Ed
260 _aNew Delhi
_bS.Chand
_c2020
300 _aMisc
650 _aB.Sc Non Medical
942 _2ddc
_cBK